Návrh databázového systému pre ambulanciu lekára v notácii UML

Na minha lista:
Detalhes bibliográficos
Autor principal: Hajdin, Martin, 1985- (Author)
Outros Autores: Krajčovič, Jozef, 1960- (Thesis advisor)
Formato: Manuscrito Livro
Idioma:eslovaco
Publicado em: STU v Bratislave MTF UIAM, 2010
Assuntos:
UML
Acesso em linha:VAIS
Tags: Adicionar Tag
Sem tags, seja o primeiro a adicionar uma tag!

MARC

LEADER 00000ntm a22000003a 4500
001 stu206376
005 20160719160235.6
008 100703s2010------------------------slo-d
040 |a STU  |b slo 
041 0 |a slo 
100 1 |a Hajdin, Martin,  |d 1985-  |4 aut  |X 24161  |7 A000024161 
242 0 0 |a The proposal of database system for the doctor´s ambulance in notation UML  |y eng 
245 1 |a Návrh databázového systému pre ambulanciu lekára v notácii UML 
260 |b STU v Bratislave MTF UIAM,  |c 2010 
650 7 |a UML  |2 stusub 
650 7 |a UML  |2 stusub 
700 1 |a Krajčovič, Jozef,  |d 1960-  |4 ths  |u M1000  |U MTF Materiálovotechnologická fakulta  |T MTF Ústav materiálov  |X 2757  |U M1000  |Y 81  |7 A000002757 
856 4 |a info a plný text  |u http://is.stuba.sk/zp/portal_zp.pl?podrobnosti=75126  |3 VAIS 
996 |c M*DP-9173  |l MMSKP  |s P  |a 0  |w stu206376_0001